| 000 | 01066cam a22002774a 4500 | ||
|---|---|---|---|
| 999 |
_c129821 _d129821 |
||
| 001 | 13104087 | ||
| 003 | ARRUPE | ||
| 005 | 20190906094400.0 | ||
| 008 | 030225s2004 mauab b 001 0 eng | ||
| 010 | _a 2003004461 | ||
| 020 | _a0632047046 (pbk. : alk. paper) | ||
| 040 |
_aDLC _cDLC _dDLC |
||
| 042 | _apcc | ||
| 050 | 0 | 0 |
_aGN281 _b.L489 2004 |
| 082 | 0 | 0 |
_a599.93/8 _221 |
| 100 | 1 |
_aLewin, Roger. _936341 |
|
| 245 | 1 | 0 |
_aPrinciples of human evolution / _cRoger Lewin and Robert Foley. |
| 250 | _a2nd ed. | ||
| 260 |
_aMalden, MA : _bBlackwell Pub. Co., _c2004. |
||
| 300 |
_ax, 555 p. : _bill. maps ; _c25 cm. |
||
| 504 | _aIncludes bibliographical references (p. [513]-531) and index. | ||
| 650 | 0 |
_aHuman evolution. _948096 |
|
| 700 | 1 |
_aFoley, Robert. _948097 |
|
| 906 |
_a7 _bcbc _corignew _d1 _eecip _f20 _gy-gencatlg |
||
| 942 |
_2lcc _cMONOGRAPH |
||